| 000 | 00803nam a2200265Ia 4500 | ||
|---|---|---|---|
| 003 | OSt | ||
| 005 | 20220924115807.0 | ||
| 006 | a|||||r|||| 00| 0 | ||
| 007 | ta | ||
| 008 | 220923b |||||||| |||| 00| 0 urd d | ||
| 020 | _a9788182239173 (hbk) | ||
| 020 | _c250 | ||
| 024 | _a285387 | ||
| 037 |
_b4315, 19/11/2014, Kitabi Duniya _cTextual |
||
| 040 |
_aARTS _cARTS _burd |
||
| 041 |
_2urd _aurd |
||
| 082 | _aO168,3NSHx, Q1 | ||
| 100 |
_aFakhri Shaista Au. _9177724 |
||
| 245 | 0 |
_aUdaas lamhon ki khud kalami _b Stories |
|
| 260 |
_aDelhi _bEducational Publishing House India _c2011 |
||
| 300 |
_a256p. _ccm. |
||
| 650 |
_aURDU FICTION _93298 |
||
| 942 |
_hO168,3NSHx, Q1 _cTEXL _2CC |
||
| 999 |
_c399915 _d399915 |
||